000 00415nam a22001697a 4500
005 20250414163100.0
008 160702b xxu||||| |||| 00| 0 eng d
020 _a978-81-272-3991-6
041 _aeng
082 _b20820
_a634.9 PAN- P
100 _aPandey P H
_98631
245 _aPrinciple and practice of post harvest technology
260 _bKalyani
300 _a539
650 _aAgriculture
942 _cBK
999 _c5136
_d5134